LA Galaxy current squad - Statistics

General Stats
  • This quiz has been taken 9 times
    6 since last reset
  • The average score is 17 of 28
Answer Stats
Number Player % Correct
14 Chicharito
80%
1 Jonathan Bond
80%
8 Marky Delgado
80%
11 Samuel Grandsir
80%
43 Adam Saldaña
60%
25 Cameron Dunbar
60%
37 Daniel Aguirre
60%
99 Dejan Joveljic
60%
3 Derrick Williams
60%
10 Douglas Costa
60%
26 Efrain Alvarez
60%
12 Eric Lopez
60%
15 Eriq Zavaleta
60%
24 Jalen Neal
60%
56 Jonathan Perez
60%
19 Jorge Villafaña
60%
2 Julian Araujo
60%
18 Kelvin Leerdam
60%
9 Kévin Cabral
60%
20 Nick DePuy
60%
44 Raheem Edwards
60%
6 Rayan Raveloson
60%
21 Richard Sanchez
60%
16 Sacha Kljestan
60%
4 Séga Coulibaly
60%
7 Victor Vazquez
60%
27 Carlos Harvey
40%
33 Jonathan Klinsmann
40%
No matching quizzes found
Score Distribution
Percent of People with Each Score
Percentile by Number Answered
Your Score History
You have not taken this quiz since the last reset